The complete works of William Shakespeare
Guardat en:
| Autor principal: | |
|---|---|
| Format: | Llibre |
| Idioma: | anglès |
| Publicat: |
Londres
Ward, Lock and Bowden
1940
|
| Col·lecció: | Moxon`s standard poets
|
| Matèries: | |
| Etiquetes: |
Afegir etiqueta
Sense etiquetes, Sigues el primer a etiquetar aquest registre!
|
MARC
| LEADER | 00000nam a2200000 a 4500 | ||
|---|---|---|---|
| 001 | UCX9498 | ||
| 003 | CL-VaPUC | ||
| 008 | 940609e19400000UK |||||||||||||||||eng|d | ||
| 082 | 0 | 4 | |a 822 |b SHA |2 21 |
| 100 | |a Shakespeare, William |e author |9 265757 | ||
| 245 | 1 | 4 | |a The complete works of William Shakespeare |
| 300 | |a 943 p | ||
| 942 | |c BK | ||
| 945 | |d 19940609 00:00:00 |a oaravena | ||
| 260 | |a Londres |b Ward, Lock and Bowden |c 1940 | ||
| 600 | 0 | |a Shakespeare, William |9 265757 | |
| 650 | 0 | |a Dramas ingleses |9 269396 | |
| 650 | 0 | |a Poesías inglesas |9 265094 | |
| 650 | 0 | |a Crítica e interpretación |9 255042 | |
| 583 | |a last modification |c 19940609 00:00:00 |k Rodrigo Vera | ||
| 490 | 0 | |a Moxon`s standard poets | |
| 999 | |c 228718 |d 228716 | ||